[Event "Match 79__120'/40"]
[Site "Zürich"]
[Date "2024.??.??"]
[Round "23"]
[White "Mephisto Explorer Pro"]
[Black "Mephisto Polgar sel. 5"]
[Result "1-0"]
[WhiteElo "2013"]
[BlackElo "1981"]
[Annotator "Utzinger,K"]
[PlyCount "74"]
[EventDate "2024.10.21"]
[EventType "match"]
[SourceVersionDate "2024.10.21"]

{[%evp 0,74,23,-6,14,27,12,20,14,-24,-8,-2,15,-29,37,16,18,-10,8,0,0,0,5,-56,-60,-63,-49,-29,-29,-11,0,0,0,0,60,80,69,76,56,66,115,113,100,123,127,105,145,106,102,111,134,141,131,128,131,138,193,167,208,149,257,223,246,203,250,188,262,266,329,329,304,259,674,681,745,818,1097]} 1. c4 c5 {Match 120'/40 | Bediener: Rolf Bühler | 23. Partie: Weiss (Mephisto Explorer Pro) gewinnt | Zwischenstand: 13,5-9,5 (58,6%) für Mephisto Explorer Pro / hypothetisch: 13,5-9,5 (58,6%) für Mephisto Explorer Pro | Eröffnung: Englisch, Symmetrievariante | Schon nach 10 Zügen sind die Damen vom Brett. Und kaum zu glauben: Die Leiden des Mephisto Polgar setzen sich mit der vierten Niederlage in Folge fort. Die zu ungenaue Behandlung im Mittelspiel rächt sich und erstaunlicherweise ist es der Mephisto Explorer Pro, der dem Gegner eine positionelle "Lehrstunde" erteilt.} 2. Nc3 Nc6 3. Nf3 Nf6 4. d4 cxd4 5. Nxd4 e6 6. Ndb5 {***ENDE BUCH***} d5 7. Bf4 e5 8. cxd5 exf4 9. dxc6 bxc6 10. Qxd8+ Kxd8 {***ENDE BUCH***} 11. Nd4 Kc7 $11 {Weiss hat die bessere Bauernstellung. Schwarz ist dafür im Besitz des Läuferpaars und hat mehr offene Linie für seine Türme zur Verfügung. Es steht dynamisch ausgeglichen.} 12. Rc1 Bd7 13. g3 fxg3 14. hxg3 Rb8 15. Ncb5+ Kb6 16. Nc3 h5 $6 {Schwächt nur die eigene Bauernstruktur.} (16... Kc7 {wäre Weiss mit Remis zufrieden gewesen durch} 17. Ncb5+ Kb6 18. Nc3 Kc7 19. Ncb5+ Kb6 20. Nc3 Kc7 21. Ncb5+ $11) 17. Na4+ Ka5 18. Nc5 Bxc5 19. Rxc5+ Ka6 $2 {Ein äusserst fragwürdiger Tempoverlust, weil Weiss durch seine Antwort 20.e3+ den König so oder so nach b6 zwingt. Im höheren Sinn ist 19...Ka6? als erster Schritt zur Niederlage zu deuten. Dass der Mephisto Polgar die rettende Variante gemäss Rems M-011224-avx2 finden würde, war nicht zu erwarten.} ({Rems M-011224-avx2:} 19... Kb6 {= (0.13) (50% +1% =99% -0%) Depth: 55/69} 20. b4 h4 21. gxh4 Rh5 22. Rxh5 Nxh5 23. Kd2 c5 24. bxc5+ Kxc5 25. Nb3+ Kd6 26. Bh3 Ba4 27. Kc3 Nf4 28. e3 Nxh3 29. Rxh3 Bxb3 30. axb3 Rc8+ 31. Kb2 Rh8 32. h5 Ke7 33. Rh4 Kf8 34. Kc3 a5 35. Kc4 Rh6 36. Kb5 g6 37. Ra4 Rxh5+ 38. Ka6 Rf5 39. f4 f6 40. Rxa5 Rxa5+ 41. Kxa5 g5 42. b4 g4 43. b5 g3 44. b6 g2 45. b7 Kg7 46. b8=Q g1=Q 47. Qb7+ Kf8 48. Qb4+ Kf7 49. Qb3+ Kf8 50. f5 Qa1+ 51. Kb6 Kg7 52. Qe6 Qb1+ 53. Kc7 Qb4 54. Qd7+ Kh6 55. Qd4 Qa5+ 56. Kd6 Qxf5 {[%eval 13,55] [%wdl 10,988,2]}) 20. e3+ Kb6 21. b4 $16 {Dank dem besseren Läufer, den aktiveren Figuren und seiner ungeschwächten Bauernstruktur, befindet sich Weiss auf dem Siegespfad.} Rbc8 {Die Engine macht mit 21...a5 oder 21...Thc8 zwei Vorschläge, die mehr Widerstand leisten.} ({Rems M-011224-avx2:} 21... a5 {+/- (1.37) (94%) ST 51} 22. Rxa5 Ra8 23. Rxa8 Rxa8 24. Bc4 Kc7 25. Bxf7 Rb8 26. Bb3 Rxb4 27. Rh4 Rb7 28. Rf4 Kd6 29. f3 Ke5 30. Ne2 Be6 31. Nc1 Bxb3 32. axb3 Kd6 33. Rd4+ Ke7 34. Rc4 Kd6 35. e4 Nd7 36. Rd4+ Ke5 37. Ra4 g5 38. Kf2 Kf6 39. Ra6 Nb8 40. Ra5 Nd7 41. f4 gxf4 42. gxf4 h4 43. Ra6 Nb8 44. Ra2 Nd7 45. Kf3 Kg6 46. Ra6 Kh5 47. Rxc6 h3 48. Rd6 h2 49. Kg2 Rc7 50. Nd3 Rc2+ 51. Kh1 Nf8 52. e5 Rd2 53. Nc5 Rb2 54. f5 Kg4 55. f6 {[%eval 137,51] [%wdl 874,126,0]}) ({Rems M-011224-avx2:} 21... Rhc8 {+/- (1.28) (91%) ST 51} 22. Nb3 Bg4 23. Ra5 Nd7 24. Kd2 Re8 25. Bg2 Ne5 26. Kc3 a6 27. Rc5 Rbd8 28. Na5 f6 29. Nc4+ Nxc4 30. Rxc6+ Ka7 31. Rxc4 Rc8 32. Bd5 Rxc4+ 33. Kxc4 Rc8+ 34. Kd3 Kb6 35. a4 Bd7 36. Bb3 Bg4 37. e4 Bf3 38. Re1 g5 39. e5 fxe5 40. Rxe5 h4 41. Be6 Rd8+ 42. Kc3 {[%eval 128,51] [%wdl 819,181,0]}) 22. a4 {Die logische Fortsetzung.} {[#]} Nd5 $2 $18 {[%mdl 2] Diese Ungenauigkeit ist endgültig der Sargnagel für Schwarz, obwohl an eine Rettung für den Mephisto Polgar nur noch schwerlich zu denken war. Nun brechen die weissen Figuren wie Heuschrecken ins schwarze Lager ein. Nur mit 22...a5 konnte Schwarz versuchen, noch im Trüben zu fischen.} (22... a5 23. Rxa5 c5 24. Rxc5 Rxc5 25. bxc5+ Kxc5 26. a5 Rb8 27. Bd3 Kb4 {und für unsere Oldies wäre das noch eine harte Nuss zu gewinnen.}) 23. a5+ Kc7 {erzwungen} (23... Kb7 $2 24. b5 $18) 24. Nb5+ Kb8 {Noch am besten.} 25. Nd6 Rcf8 26. b5 {Nutzt die ungedeckte Stelliung des Sd5 aus.} Kc7 (26... cxb5 27. Rxd5 Bc6 28. Rhxh5 Bxd5 29. Rxd5 Rh1 30. Nxb5 Rc8 31. a6 Rh6 32. Rd1 $18) 27. Nc4 f5 28. Ne5 Ne7 29. Bg2 Rh6 30. Ke2 {Schwarz hat bald keine guten Züge mehr.} Be8 31. Rhc1 {Der Druck auf c6 ist gewaltig.} Rff6 32. Nf3 Kd8 (32... Kd6 33. b6 $18) 33. b6 axb6 34. axb6 Kc8 35. Ra1 Bd7 (35... Kb8 36. Ra7 Nd5 37. Rxg7 $18) 36. Ne5 Rd6 37. Rb5 {Ein hübscher und einfacher Schluss. Es droht b7+ und aus. Wird der Turm geschlagen, so ist Ta8 Matt.} Kd8 {***AUFGEGEBEN***} 1-0

[Event "Match 79__120'/40"]
[Site "Zürich"]
[Date "2024.??.??"]
[Round "24"]
[White "Mephisto Polgar sel. 5"]
[Black "Mephisto Explorer Pro"]
[Result "1-0"]
[WhiteElo "1901"]
[BlackElo "2013"]
[Annotator "Utzinger,K"]
[PlyCount "111"]
[EventDate "2024.10.21"]
[EventType "match"]
[SourceVersionDate "2024.10.21"]

{[%evp 0,111,22,26,26,23,23,26,26,24,30,51,60,60,55,9,29,-8,-11,-52,-45,-40,-49,-49,-49,-52,122,54,153,71,115,118,120,193,231,240,290,290,283,276,262,194,275,250,394,480,480,506,506,579,589,596,605,611,597,598,610,444,469,416,433,398,394,402,420,422,480,485,490,500,499,504,505,521,527,524,614,527,541,532,540,561,584,584,601,601,610,511,584,597,597,564,610,592,644,636,636,640,640,641,720,1014,1016,1444,1766,2184,29975,1479,1738,1479,1504,2502,28008,29988]} 1. d4 Nf6 {Match 120'/40 | Bediener: Rolf Bühler | 24. Partie: Weiss (Mephisto Polgar) gewinnt | Zwischenstand: 13,5-10,5 (56,2%) für Mephisto Explorer Pro / hypothetisch: 13,5-10,5 (56,2%) für Mephisto Explorer Pro | Eröffnung: Abgelehntes Damengambit, Holländische Variante, Peruvian Gambit | Der Mephisto Explorer Pro wählt ein nicht ganz astreines Gambit. Dann gerät er mit dem Bauernschnapp 12...Dxa2 auf Abwege. Die schlecht koordinierten schwarzen Figuren und der lange Zeit unrochierte König sind grosse Sorgenkinder. Der Mephisto Polgar rafft sich endlich wieder einmal auf und holt sich einen verdienten Sieg.} 2. c4 e6 3. Nc3 d5 4. Bg5 c5 {Gemäss Dr. Max Euwe, Theorie der Schacheröffnungen (1957), wurde dieser scharfe Aufmarsch zum ersten Mal von den Amsterdamer Theoretikern W. Koomen und J. Been untersucht. In der Praxis wird der Textzug hauptsächlich von L. Prins angewandt.} 5. cxd5 {Die einzige Chance, um 4...c5 zu widerlegen (Euwe,M).} Qb6 {Diese Gambitfortsetzung vom peruanischen Schachmeister Esteban Canal (19.04.1896 - 15.02.1981). Schwarz hat gemäss Dr. Max Euwe nicht genügend Ersatz für den Bauern. Wenn Schwarz jedoch das simple 5...cxd4 spielt, scheint die ganze Variante mit 4.Lg5 c5 durchaus spielbar. Selbst Rems M-011224-avx2 sieht diese Situation nicht anders.} ({Rems M-011224-avx2:} 5... cxd4 {= (0.07) (51%) ST 52} 6. Qxd4 Be7 7. e4 exd5 8. Bb5+ Nc6 9. Bxf6 Bxf6 10. e5 Be7 11. Qxd5 Qb6 12. Nf3 O-O 13. Qe4 Rd8 14. O-O Nd4 15. Bc4 Qg6 16. Rfd1 Qxe4 17. Nxe4 Nxf3+ 18. gxf3 Bh3 19. Nd6 Bxd6 20. exd6 Rac8 21. Rd4 Rc5 22. f4 Be6 23. Bxe6 fxe6 24. Rad1 Rc2 25. Rb4 b6 26. Kg2 Kf7 27. Rb3 Rd7 28. Rd4 Ke8 29. Re3 Kf7 30. Rc3 Rxc3 31. bxc3 Ke8 32. Kf3 Rd8 {[%eval 7,52] [%wdl 45,927,28]}) 6. Bxf6 Qxb2 {***ENDE BUCH***} 7. Rc1 gxf6 8. e3 cxd4 9. exd4 Bb4 10. Bb5+ Bd7 11. Bxd7+ Nxd7 12. Nge2 {***ENDE BUCH***} {[#]} Qxa2 $2 {[%mdl 2] Soweit ich das beurteilen kann, haben ab 5...Db6 bis 12.Sge2 beide Programme die besten Züge ausgeführt. Aber nun greift Schwarz mit seinem Bauernschnapp fehl und bringt sich in eine sehr schwierge Lage.} ({Nach} 12... Rc8 13. O-O Bxc3 14. Qd3 O-O 15. dxe6 fxe6 16. Nxc3 Nb6 17. Rc2 $14 {steht Weiss nur leicht besser.}) ({Oder} 12... Bxc3+ 13. Rxc3 Qxa2 14. dxe6 fxe6 15. O-O Nb6 16. Nf4 Rc8 17. Rxc8+ Nxc8 18. Qh5+ Ke7 19. Re1 Qd2 20. Rxe6+ Kd8 21. g3 Qxd4 22. Re1 Qb4 23. Rd1+ Nd6 24. Qd5 a5 25. Qe6 {1-0 (25) Spassky,B-Ujtumen,T Sochi 1965}) 13. O-O Qa6 $2 {Hier steht die Dame noch schlechter als auf a5.} 14. Qb3 $6 {Verpasst einen möglichen raschen Sieg, ohne allerdings das Zepter aus der Hand zu geben.} (14. dxe6 Qxe6 (14... fxe6 15. Nf4 $18) 15. Nb5 O-O 16. Nc7 Qd6 17. Nxa8 Rxa8 18. Ng3 $18) {[#]} 14... Ba5 $2 $18 {[%mdl 2] Diesen Tempoverlust darf sich Schwarz nicht mehr leisten.} 15. Nb5 {Absolut genügend für den Gewinn, obwohl 15.dxe6 gar stärker war.} Rd8 {Auch Alternativen retten nicht mehr.} (15... exd5 16. Ng3 {+- (7.17) (100%) mit tödlichem Angriff}) (15... O-O 16. Nf4 Kh8 (16... e5 17. Ne6 $3 $18) 17. dxe6 Bd2 18. e7 Bxf4 19. exf8=Q+ Rxf8 20. Rc3 {+- (4.41) (100%)}) (15... Rg8 16. Ra1 Kf8 (16... Kd8 17. dxe6 fxe6 18. Nf4 {+- (6.36) (100%)}) 17. Qa3+ Kg7 18. Qxa5 Qxa5 19. Rxa5 {+- (4.72) (100%)}) 16. Ra1 {Auch 16.dxe6 gewinnt.} O-O 17. dxe6 fxe6 18. Nf4 Rde8 19. Rfb1 {droht die Gabel Sc7} Qb6 20. Qa3 {Es führen bereits mehrere Wege nach Rom.} Bd2 21. Nd6 Qxd4 22. Qg3+ Kh8 23. Nxe6 $1 {Auch der Mephisto Polgar kann kombinieren.} Rxe6 24. Nf5 {Mit der Doppeldrohung Dg7 Matt und Sxd4.} Rg8 25. Nxd4 Rxg3 26. Nxe6 Rg6 27. Rxb7 {Am Ende des Tages hat Weiss die Qualität gewonnen bei anhaltendem Druck gegen die schwarze Stellung.} Ne5 28. Ra2 {Eine unnötige Feinheit, statt mit 28.Taa7 den Gegner lahmzulegen.} (28. Raxa7 h6 29. Nf8 Rg4 (29... Rg5 30. Nh7 {Matt in 6}) 30. h3 Nc6 31. hxg4 Nxa7 32. Rxa7 $18 {nebst baldigem Matt}) 28... Nf3+ 29. Kh1 Ng5 30. Rxd2 {oder} (30. Nxg5 Bxg5 31. Raxa7 $18) 30... Nxe6 31. Rdd7 h6 32. Rxa7 Rg7 33. Rxg7 Nxg7 34. Ra6 Kh7 35. Rxf6 {Der Rest bedarf keiner Kommentare mehr.} Ne8 36. Ra6 Kg7 37. f4 Nf6 38. g3 Ng4 39. h3 Ne3 40. g4 Nd5 41. f5 Ne3 42. Ra7+ Kg8 43. Rc7 Nd5 44. Rc6 Kg7 45. Kg1 Nf6 46. h4 Ne4 47. Rg6+ Kh7 48. Kg2 Nd2 49. g5 hxg5 50. hxg5 Ne4 51. Kf3 Nc5 52. Rc6 Nd3 53. g6+ Kh6 54. Re6 Nb4 55. Ke4 Na2 56. Ke5 {***AUFGEGEBEN***} 1-0

[Event "Match 79__120'/40"]
[Site "Zürich"]
[Date "2024.??.??"]
[Round "25"]
[White "Mephisto Explorer Pro"]
[Black "Mephisto Polgar sel. 5"]
[Result "0-1"]
[WhiteElo "2013"]
[BlackElo "1981"]
[Annotator "Utzinger,K"]
[PlyCount "119"]
[EventDate "2024.10.21"]
[EventType "match"]
[SourceVersionDate "2024.10.21"]

{[%evp 0,119,19,31,14,-14,43,40,39,23,20,31,31,16,-3,-15,7,2,6,-40,-16,-27,-36,0,0,0,-5,-15,-21,-28,-5,-6,-6,-11,-5,0,18,5,3,4,20,0,0,-10,-8,-8,0,0,-8,-11,-13,-25,-25,-86,-88,-86,-86,-103,-113,-142,-148,-150,-143,-159,-129,-122,-174,-170,-198,-198,-190,-198,-199,-198,-204,-232,-240,-263,-265,-270,-243,-276,-267,-277,-277,-263,-301,-329,-367,-414,-440,-450,-490,-513,-417,-411,-484,-560,-567,-582,-497,-497,-509,-509,-527,-721,-571,-600,-664,-754,-783,-890,-982,-1707,-1176,-1188,-1525,-2100,-2138,-29977,-29978,-29981]} 1. d4 Nf6 {Match 120'/40 | Bediener: Rolf Bühler | 25. Partie: Schwarz (Mephisto Polgar) gewinnt | Zwischenstand: 13,5-11,5 (54%) für Mephisto Explorer Pro / hypothetisch: 13,5-11,5 (54%) für Mephisto Explorer Pro | Eröffnung: Königsindische Verteidigung, Fianchetto, ohne Sc3 | Der unsachgemässe Figurentausch Läufer gegen Springer 11.Lxa5? bringt Schwarz in Vorteil. Dieser versiegt jedoch wieder, weil der Mephisto Polgar später kombinatorisch falsch abwickelt. Beim Materialverhältnis von Weiss mit 2 Springern gegen Schwarz mit Turm und 2 Bauern geht der Mephisto Explorer Pro im Endspiel mit 26.a4? fehl. Die damit verbundene Öffnung der b-Linie für die schwarzen Türme ermöglicht dem Mephisto Polgar einen relativ einfachen Sieg einzufahren.} 2. c4 g6 3. Nf3 Bg7 4. g3 d6 5. Bg2 O-O 6. O-O {***ENDE BUCH***} Nc6 {***ENDE BUCH***} 7. d5 Na5 8. Na3 c5 9. Bd2 {Eine unübliche Fortsetzung anstelle von 9.Te1 oder 9.Sfd2.} (9. Re1 Bg4 10. h3 Bxf3 $6 (10... Bd7 $14) 11. Bxf3 Nd7 12. e4 a6 13. Rb1 $16 {1-0 (63) Wojtaszek,R (2694)-Piorun,K (2640) Bydgoszcz 2022}) (9. Nd2 a6 10. e4 Rb8 11. h3 e6 12. Re1 Re8 13. dxe6 $6 (13. Rb1 $11) 13... Bxe6 14. Rb1 Qd7 $15 {½-½ (81) Weiss,C (2370)-Wilhelmi,C (2470) Portoroz 1998}) 9... Ne4 {droht ...Lxb2} 10. Rb1 Bf5 {Droht ...Sxd2, Sxd2 Lxb1} (10... Nxd2 {ist genauer} 11. Qxd2 Bf5 12. Rbc1 a6 $11) {[#]} 11. Bxa5 $2 {Weiss gibt ohne Not das Läuferpaar auf und tauscht mit dem Sa5 eine schlecht stehende Figur von Schwarz. Das kommt positionell betrachtet einem schweren Minustausch gleich. Deshalb war 11.Le1 richtig.} Qxa5 $17 {Schwarz steht nun bereits besser. Die Konstellation Lf5 gegen Tb1 ist lästig.} 12. Nh4 {Noch am besten.} Nxf2 $6 {Der falsche Weg, um seinen Vorteil zu festigen.} (12... Nc3 $1 13. bxc3 Bxb1 14. Nxb1 Qxa2 {-/+ (-0.99) (26%)}) 13. Kxf2 Bxb1 14. Qxb1 Bd4+ 15. e3 Qd2+ 16. Kg1 Qxe3+ 17. Kh1 Bf6 18. Nf3 Qe2 $11 19. b3 Rae8 20. Nb5 {Das ist nur Zeitverlust. Der Springer sollte einmal mit Sa3-c2 wieder ins Spiel gebracht werden.} a6 21. Re1 Qf2 $6 {Wirft seinen Vorteil weg.} (21... Qb2 $1 22. Qxb2 Bxb2 {jetzt hat der Sb5 keinen Rückzug mehr, weshalb} 23. Re2 {erzwungen ist, aber nach} axb5 $1 24. Rxb2 bxc4 25. bxc4 Ra8 $1 26. Rxb7 Rfe8 27. Rb2 Reb8 28. Rf2 Rb1+ 29. Bf1 Ra1 30. Kg2 Kg7 31. h4 R8xa2 $15 {steht Schwarz besser}) 22. Na3 Bc3 23. Rf1 Qb2 24. Qxb2 Bxb2 25. Nc2 b5 $11 {[#]} 26. a4 $2 $19 {[%mdl 32768] ***VERLUSTZUG*** Danach kann Schwarz die sich öffnende b-Linie zu seinen Gunsten nutzen. Und das führt Weiss ins Verderben.} (26. Rb1 $1 Bf6 27. Bf1 $11 {hält die b-Linie geschlossen.}) 26... bxa4 27. bxa4 Rb8 28. Bh3 Bf6 29. Kg2 Rb3 30. Re1 Rfb8 31. Re2 Rb2 32. Nfe1 Ra2 33. Kf1 {Weiss gibt den Bauer a4. Aber eine genügende Verteidigung lässt sich nicht mehr finden.} (33. Bd7 Rbb2 34. Kf3 h5 {Rems M-011224-avx2:} 35. h3 Kg7 {-+ (-5.43) (0%) ST 40}) 33... Rxa4 34. Ne3 Rb1 35. Kg2 Rab4 36. Kf3 R4b3 37. N1g2 Bd4 38. Bd7 Rh1 39. h4 Rh2 40. Kf4 {Beschleunigt die unvermeidbare Niederlage.} Rxe3 41. Rxe3 Rxg2 42. Rxe7 h5 43. g4 hxg4 44. Bc8 Be5+ 45. Rxe5 {Daraus spricht berechtigte Verzweiflung.} dxe5+ 46. Kxe5 Rc2 47. Bxg4 Rxc4 48. Be2 Rxh4 49. Bxa6 Kg7 50. d6 Rd4 51. Bb7 Kf8 52. Bc6 g5 53. Bg2 g4 54. Bb7 g3 55. Bf3 Rd2 56. Bh1 c4 57. d7 Ke7 58. d8=Q+ Rxd8 59. Kf4 c3 60. Be4 {***AUFGEGEBEN***} 0-1